<?xml version='1.0' encoding='UTF-8'?>
  <record xmlns="http://www.loc.gov/MARC21/slim">
    <leader>00000cam a22000007i 4500</leader>
    <controlfield tag="001">ocm65407386</controlfield>
    <controlfield tag="003">OCoLC</controlfield>
    <controlfield tag="005">20250617052918.4</controlfield>
    <controlfield tag="008">900806s1617    ne            000 0 dut d</controlfield>
    <datafield tag="040" ind1=" " ind2=" ">
      <subfield code="a">NLGGC</subfield>
      <subfield code="b">dut</subfield>
      <subfield code="e">fobidrtb</subfield>
      <subfield code="c">NLGGC</subfield>
      <subfield code="d">OCLCO</subfield>
      <subfield code="d">OCLCQ</subfield>
    </datafield>
    <datafield tag="029" ind1="0" ind2=" ">
      <subfield code="a">NLGGC</subfield>
      <subfield code="b">065373243</subfield>
    </datafield>
    <datafield tag="035" ind1=" " ind2=" ">
      <subfield code="a">(OCoLC)65407386</subfield>
    </datafield>
    <datafield tag="100" ind1="1" ind2=" ">
      <subfield code="a">Mander, Karel van,</subfield>
      <subfield code="d">1548-1606.</subfield>
      <subfield code="4">aut</subfield>
    </datafield>
    <datafield tag="245" ind1="1" ind2="4">
      <subfield code="a">Het leven der oude antycke doorluchtighe schilders :</subfield>
      <subfield code="b">soo wel Egyptenaren, Griecken als Romeynen /</subfield>
      <subfield code="c">uyt verscheyden schryvers by een gebracht en in druck uytg. tot dienst, nut en vermaeck der schilders en alle const-beminders ; mitsgaders daer aen volgende het leven der moderne doorluchtighe Italiaensche, als oock de vermaerde Nederlandtsche ende Hooghduytsche schilders ; door Carel van Mander.</subfield>
    </datafield>
    <datafield tag="246" ind1="3" ind2=" ">
      <subfield code="a">leven der moderne, oft dees-tijtsche doorluchtighe Italiaensche schilders</subfield>
    </datafield>
    <datafield tag="246" ind1="3" ind2=" ">
      <subfield code="a">leven der doorluchtighe Nederlandtsche en Hooghduytsche schilders</subfield>
    </datafield>
    <datafield tag="260" ind1=" " ind2=" ">
      <subfield code="a">t'Amsterdam :</subfield>
      <subfield code="b">voor Jacob Pietersz. Wachter,</subfield>
      <subfield code="c">1617.</subfield>
    </datafield>
    <datafield tag="300" ind1=" " ind2=" ">
      <subfield code="a">IV, 213, III fol. ;</subfield>
      <subfield code="c">24 cm (4-o)</subfield>
    </datafield>
    <datafield tag="336" ind1=" " ind2=" ">
      <subfield code="a">tekst</subfield>
      <subfield code="b">txt</subfield>
      <subfield code="2">rdacontent/dut</subfield>
    </datafield>
    <datafield tag="337" ind1=" " ind2=" ">
      <subfield code="a">zonder medium</subfield>
      <subfield code="b">n</subfield>
      <subfield code="2">rdamedia/dut</subfield>
    </datafield>
    <datafield tag="338" ind1=" " ind2=" ">
      <subfield code="a">band</subfield>
      <subfield code="b">nc</subfield>
      <subfield code="2">rdacarrier/dut</subfield>
    </datafield>
    <datafield tag="500" ind1=" " ind2=" ">
      <subfield code="a">Het leven der moderne ... schilders met eigen titelbladen: 1. Het leven der moderne, oft dees-tijtsche doorluchtighe Italiaensche schilders. 2. Het leven der doorluchtighe Nederlandtsche en Hooghduytsche schilders.</subfield>
    </datafield>
    <datafield tag="500" ind1=" " ind2=" ">
      <subfield code="a">Onderdeel van: Carel van Mander, Het schilder boeck. Amsterdam, Jacob Pietersz Wachter, 1618.</subfield>
    </datafield>
    <datafield tag="776" ind1="0" ind2=" ">
      <subfield code="t">Het leven der oude antycke doorluchtighe schilders</subfield>
      <subfield code="w">(NL-LeOCL)426026373</subfield>
    </datafield>
    <datafield tag="776" ind1="0" ind2=" ">
      <subfield code="t">Het leven der oude antycke doorluchtighe schilders</subfield>
      <subfield code="w">(NL-LeOCL)426026381</subfield>
    </datafield>
    <datafield tag="936" ind1=" " ind2=" ">
      <subfield code="a">BATCHLOAD</subfield>
    </datafield>
  </record>